Euroopan valtiot pääkaupunkien mukaan - Statistics

Yleistilastot
  • Tätä visaa on pelattu 2 781 kertaa
  • Keskiarvotulos 36 / 45
Vastaustilastot
Pääkaupunki Valtio % Oikein
Pariisi Ranska
99%
Moskova Venäjä
99%
Helsinki Suomi
98%
Madrid Espanja
97%
Rooma Italia
97%
Kööpenhamina Tanska
97%
Lontoo Yhdistynyt kuningaskunta
97%
Amsterdam Alankomaat
95%
Ateena Kreikka
95%
Varsova Puola
93%
Berliini Saksa
92%
Bryssel Belgia
91%
Reykjavík Islanti
91%
Riika Latvia
91%
Tukholma Ruotsi
91%
Wien Itävalta
90%
Tallinna Viro
90%
Kiova Ukraina
89%
Dublin Irlanti
87%
Luxemburg Luxemburg
87%
Oslo Norja
87%
Vilna Liettua
86%
Praha Tšekki
83%
Monaco Monaco
82%
Budapest Unkari
82%
San Marino San Marino
81%
Andorra la Vella Andorra
78%
Sofia Bulgaria
78%
Vatikaani Vatikaanivaltio
77%
Lissabon Portugali
75%
Bern Sveitsi
73%
Zagreb Kroatia
71%
Minsk Valko-Venäjä
71%
Tirana Albania
70%
Valletta Malta
64%
Bukarest Romania
64%
Ljubljana Slovenia
64%
Bratislava Slovakia
61%
Pristina Kosovo
58%
Sarajevo Bosnia ja Hertsegovina
57%
Vaduz Liechtenstein
54%
Skopje Pohjois-Makedonia
54%
Belgrad Serbia
54%
Podgorica Montenegro
49%
Chișinău Moldova
48%
Ehtoja vastaavia visoja ei löytynyt
Tulosjakauma
Jokaisen tuloksen saaneiden osuus
Persentiili vastausten määrän mukaan
Tuloshistoriasi
Et ole pelannut tätä visaa